|
|
|
|
| LEADER |
00947nam a2200229 i 4500 |
| 001 |
c000251526 |
| 003 |
CARM |
| 005 |
00000000000000.0 |
| 008 |
840515s1957 enkafh 000 0 eng d |
| 019 |
1 |
|
|a 8564108
|z 4148551
|5 LACONCORD2021
|
| 035 |
|
|
|a (OCoLC)14595015
|5 LACONCORD2021
|
| 082 |
0 |
4 |
|a 002.075
|
| 100 |
1 |
|
|a Collison, Robert Lewis.
|
| 245 |
1 |
0 |
|a Book collecting :
|b an introduction to modern methods of literary and bibliographical detection /
|c by Robert L. Collison ; with a foreword by Andrew H. Horn.
|
| 260 |
|
|
|a London :
|b E. Benn,
|c 1957.
|
| 300 |
|
|
|a 244 p. :
|b [16] leaves of plates : ill. facsims.
|
| 504 |
|
|
|a Bibliography: p.189-193.
|
| 650 |
|
0 |
|a Book collecting.
|
| 650 |
|
0 |
|a Bibliography.
|
| 852 |
8 |
|
|b CARM
|h A2:AP06G0
|i B06789
|p 0331018
|f BK
|
| 999 |
f |
f |
|i 1bdaacc8-d6d5-5db3-9c97-4619a50b09a6
|s 572bf9f2-fa72-5815-a84c-3a272da35a7f
|
| 952 |
f |
f |
|p Can circulate
|a CAVAL
|b CAVAL
|c CAVAL
|d CARM 1 Store
|e B06789
|f A2:AP06G0
|h Other scheme
|i book
|m 0331018
|